Представление документа в формате RUSMARC

ПолеНазваниеЗначение
  Тип записи i
  Библиографический уровень m
001 Контрольный номер RU/IS/BASE/388931779
005 Дата корректировки 20201206204826.0
010 Индекс ISBN __
d Цена 100-00
101 Язык документа 0_
a Язык текста rus
200 Заглавие и сведения об ответственности 1_
a Заглавие Горе от ума ; Молодые супруги ; Студент
e Сведения, относящиеся к заглавию [аудиокнига : комедии]
f Первые сведения об ответственности А. С. Грибоедов ; читает Илья Прудовский
b Общее обозначение материала Звукозапись
210 Выходные данные __
a Место издания М.
c Издательство АРДИС
d Дата издания 2009
215 Физическое описание __
a Объем 1 электрон. опт. диск (Audio CD) (6 ч. 21 мин.)
225 Серия __
a Серия Литературные чтения
300 Общие примечания __
a Общие примечания MP3 ; 192 Kbps ; 44.1 кГц ; mono
323 Примечание о главных создателях, исполнителях, участниках __
a Примечание о главных создателях, исполнителях, участниках Прудовский, И. (читает)
327 Примечание о содержании __
a Примечание о содержании Молодые супруги
327 Примечание о содержании __
a Примечание о содержании Студент
330 Аннотация __
a Аннотация В аудиокнигу включены комедия А. С. Грибоедова "Горе от ума", а также "Молодые супруги" - вольная переделка французской комедии XVIII в. и "Студент" - история молодого человека из провинции, приехавшего в столицу в качестве начинающего литератора.
333 Примечание о целевом назначении __
a Примечание о целевом назначении 16+. Для детей старше 16 лет
517 Другие варианты заглавия __
a Другие варианты заглавия Молодые супруги
517 Другие варианты заглавия __
a Другие варианты заглавия Студент
606 Тематические рубрики __
a Основная рубрика Художественная литература
606 Тематические рубрики __
a Основная рубрика Русская литература XIX в. (произведения)
610 Ключевые слова __
a Ключевые слова драматургия; комедии; тема общества; тема нравов; тема молодежи; тема нравственности; тема морали; тема благородства; тема дворянства; тема взаимоотношений; тема творчества; сатира
686 Индексы других классификаций __
a Классификационный индекс 84(2=411.2)52-6я04
700 Автор _1
a Фамилия Грибоедов
b Имя А. С.
g Полное личное имя Александр Сергеевич
4 Код отношения 070
801 Источник записи _0
a Страна RU
b Организация Муниципальное бюджетное учреждение культуры "Централизованная библиотечная система" г. Сургут (Центральная городская библиотека им. А. С. Пушкина)
g Правила каталогизации КиК/Котельникова
801 Источник записи _1
a Страна RU
b Организация Муниципальное бюджетное учреждение культуры "Централизованная библиотечная система" г. Сургут (Центральная городская библиотека им. А. С. Пушкина)
g Правила каталогизации КиК/Котельникова
852 Данные о местонахождении __
j Шифр хранения 84(2=411.2)52-6я04
i Авторский знак Г 82
901 Тип документа __
t Тип документа 0
903 Характеристики (МАРС) __
a Дата передачи 20120428
969 Тип издания __
a Тип издания аудиокнига
990 Данные о заказе (DOS) __
j Количество экземпляров (DOS) 1
h N записи в КСУ для Б/У (DOS) 201205